HP B7 C12 - Statistics

General Stats
  • This quiz has been taken 3 times
  • The average score is 43 of 71
Answer Stats
Term Answer % Correct
Bollo Bun
100%
Tétrico Dismal
100%
Incendio Fire
100%
Canoso Grey Haired
100%
Londinense Londoner
100%
Cebolla Onion
100%
Rampa Ramp
100%
Rebatir Refute
100%
Tejado Roof
100%
Soñoliento Sleepy
100%
Cucharada Spoonful
100%
Impoluto Spotless
100%
Estofado Stew
100%
Tartamudear Stutter
100%
Inquilino Tenant
100%
Azulejo Tile
100%
Escusado Toilet
100%
Marchitar Wither
100%
Colindante Adjoining
50%
Contrariedad Annoyance
50%
Asfixia Asphyxiation
50%
Bombachos Baggy Pants
50%
Trocar Barter
50%
Cagadero Bog
50%
Lata Bore
50%
Tazón Bowl
50%
En Virtud De By Virtue Of
50%
Oruga Caterpillar
50%
Ficha Counter
50%
Entredicho Dispute
50%
Desuso Disuse
50%
Confeccionar Draw Up
50%
Hacerse Querer Endear
50%
Hurón Ferret
50%
A Dos Aguas Gabled
50%
Grafitos Graffiti
50%
Heliotropo Green Jasper
50%
Acongojado Grief Stricken
50%
Atenazar Grip
50%
Inmaculadamente Immaculately
50%
Inefable Indescribable
50%
Cucharón Ladle
50%
Locomotora Locomotive
50%
Tibieza Lukewarmness
50%
Mirón Onlooker
50%
Estrambótico Outlandish
50%
Cacharro Pan
50%
Calzón Pants
50%
Periquito Parakeet
50%
Reseco Parched
50%
Viandante Passerby
50%
Gordinflón Podgy
50%
Reconocimiento Reconnaissance
50%
Mofarse Scoff
50%
Lavamanos Sink
50%
Ranura Slot
50%
Potaje Soup
50%
Sopera Soup Tureen
50%
Foco Spotlight
50%
Suplantar Take The Place Of
50%
Reguero Trail
50%
Trocarse Turn Into
50%
Desquiciado Unhinged
50%
Rematadamente Utterly
50%
Desentenderse Wash One’s Hands Of
50%
Impermeabilizante Waterproofing
50%
Tromba Whirlwind
50%
Parquet Wooden Floor
50%
Escamotear Lift
0%
Plantilla Staff
0%
Resaltar Stand Out
0%
No matching quizzes found
Score Distribution
Percent of People with Each Score
Percentile by Number Answered
Your Score History
You have not taken this quiz